| 000 | 00377nam a22001457a 4500 | ||
|---|---|---|---|
| 999 |
_c11519 _d11519 |
||
| 003 | OSt | ||
| 008 | 160709b xxu||||| |||| 00| 0 eng d | ||
| 020 | _a055240005X | ||
| 020 | _a9780552400053 | ||
| 050 | _aQC863.4 .T36 1972 | ||
| 100 | _aTanck, Hans-Joachim | ||
| 245 |
_aMeteorology / _cHans Joachim Tanck and Blanca Paredes Larrucea |
||
| 260 |
_aLondon : _bTransworld Publishers Ltd, _c1972. |
||
| 300 |
_a142p. : _bill; _c18cm. |
||
| 650 | _aMeteoology | ||
| 942 |
_2lcc _cSH_L_BOOKS |
||